000 00745nam a22002177a 4500
003 UA-OsUOA
001 109024
007 ta
008 20141125b un ||||| |||| 00| 0 ukr d
100 _aКозир М.
090 _a81
_bК59
942 _cSA
040 _aUA-OsUOA
_bukr
_cUA-OsUOA
_dUA-OsUOA
245 _aСтруктура й процес практичної аргументації на уроках української мови
300 _aС.13-16
955 _a0
041 _aukr
080 _a81
773 0 _w109022
_tУкраїнська мова і література в школі
_dК.
_d2014
_g6
650 7 _a8 Мовознавство. Художня література. Літературознавство
_2UDC
999 _c395181
_d395181